000 02357nam a22004217a 4500
001 42835
003 gtgccic
005 20251013104832.0
007 ta
008 251013b gt ||||| |||| 00| 0 spa d
040 _agtgccic
_bspa
_cgtgccic
_erda
084 _0TPI-14-0060
100 1 0 _aSalvador Girón Véliz
_dIngeniero Mecánico
_eautor
245 1 0 _aMantenimiento y operación de una máquina de corte de cuero a presión de agua /
_cGirón Véliz, Salvador
264 1 _aGuatemala, Guatemala :
_bUSAC, Facultad de Ingeniería ;
_c2014.-
300 _axxii, 79 pag. :
_bil. ;
_c27 cm
336 _2rdacontenido
_aTexto
_btxt
337 _2rdamedio
_asin mediación
_bn
338 _2rdasoporte
_avolumen
_bnc
502 _aTesis Postgrado
_bMAESTRO EN INGENIERÍA EN MANTENIMIENTO
_cUSAC, Facultad de Ingeniería, Escuela de Postgrado
_d2014
_oTPI-14-0060
504 _aBibliografía pag. 71
505 _t1. MANTENIMIENTO PRODUCTIVO TOTAL
505 _t2. DESCRIPCIÓN DEL SITEMA MECÁNICO
505 _t3. BOMBA DE ALTA PRESIÓN DE 30 HP
505 _t4. SISTEMA ELÉCTRICO
505 _t5. SISTEMA NEUMÁTICO
505 _t6. SISTEMA HIDRÁULICO
505 _t7. MODO DE OPERACIÓN DE FORMA MANUAL Y MEDIDAS DE SEGURIDAD
505 _t8. MANTENIMIENTO PREVENTIVO
505 _t9. ANÁLISIS DE RESULTADOS DEL MANTENIMIENTO DEL SISTEMA DE CORTE A PRESIÓN DE AGUA
520 3 _aEl presente proyecto, corresponde a la realización de mantenimiento y operación de un equipo de corte a presión de agua en la industria manufacturera. La investigación cuenta con los fundamentos prácticos necesarios que soportan el área técnica y experimental. Uno de los objetivos es llevarlo a la práctica como un proyecto de aplicación y pretende brindar nuevas propuestas de experimentación dentro del ámbito laboral, que pueden ser fácilmente desarrolladas y aplicadas en los demás equipos de la planta durane el proceso de producción. Finalmente, se busca que el departamento de mantenimiento pueda verificar los resultados obtenidos y sobre todo la seguridad personal en la ejecución de las actividades.
650 _aOPERACIÓN DE MANTENIMIENTO
650 _aMAQUINARIA HIDRÁULICA
650 _aMARROQUINERÍA
700 _aMSc. Ing. Carlos Humberto Pérez Rodríguez
_easesor
942 _2ddc
_cTPS
945 _aamlo
999 _c2304
_d2304